Bilecik Bilecik Bilecik Bilecik Bilecik

İktisadi Coğrafya ve Turizm Enstitüsü konferansları, 1977. (Record no. 38545)

MARC details
000 -BAŞLIK
Sabit Uzunluktaki Kontrol Alanı 01215nam a22003377a 4500
001 - KONTROL NUMARASI
Control Dosyası 0038695
003 - KONTROL NUMARASI KİMLİĞİ
Kontrol Alanı KOHA_MİRAKIL
005 - EN SON İŞLEM TARİHİ ve ZAMANI
Kontrol Alanı 20260207003109.0
007 - FİZİKSEL TANIM SABİT ALAN - GENEL BİLGİ
Sabit uzunluklu kontrol alanı ta
008 - SABİT UZUNLUKTAKİ VERİ ÖGELERİ - GENEL BİLGİ
Sabit Alan 121008b1978 tu |||gr||||#||||0|tur |
040 ## - KATALOGLAMA KAYNAĞI
Özgün Kataloglama Kurumu TR-BiSEU
Kataloglama Dili tur
Çeviri Kurumu TR-BiSEU
Açıklama Kuralları rda
041 0# - DİL KODU
Metin ya da ses kaydının dil kodu tur
044 ## - YAYINLAYAN/ÜRETEN KURULUŞUN ÜLKE KODU
ISO country code tu
050 ## - SINIFLAMA ve YER NUMARASI
Sınıflama Numarası G155
Yer Numarası .I38 1978
111 2# - TOPLANTI ADI
Toplantı Adı İktisadi Coğrafya ve Turizm Enstitüsü Konferansları (1977)
9 (RLIN) 72281
245 1# - ESER ADI BİLDİRİMİ
Başlık İktisadi Coğrafya ve Turizm Enstitüsü konferansları, 1977.
264 #1 - ÜRERİM, YAYIN, DAĞITIM ve TELİF BİLDİRİMİ
Yayın yeri İstanbul :
Yayınlayan İstanbul Ünv.
Yayın tarihi 1978
300 ## - FİZİKSEL TANIMLAMA
Sayfa, Cilt vb. 106 sayfa ;
Boyutları 23 cm.
336 ## - İÇERİK TÜRÜ
Content type term metin
Content type code txt
Source rdacontent
337 ## - MEDYA TÜRÜ
Media type term aracısız
Media type code n
Source rdamedia
338 ## - TAŞIYICI TÜRÜ
Carrier type term cilt
Carrier type code nc
Source rdacarrier
490 1# - DİZİ BİLDİRİMİ
Dizi Bildirimi İstanbul Üniversitesi yayınlarından ;
Cilt Numarası no.: 2428.
490 1# - DİZİ BİLDİRİMİ
Dizi Bildirimi İktisat Fakültesi ;
Cilt Numarası no.: 416.
490 1# - DİZİ BİLDİRİMİ
Dizi Bildirimi İktisadi Coğrafya ve Turizm Enstitüsü ;
Cilt Numarası no.: 4
650 #0 - KONU BAŞLIĞI EK GİRİŞ - KONU TERİMİ
Konusal terim veya coğrafi ad Tourist Trade--Turkey--Congresses.
9 (RLIN) 72282
650 #0 - KONU BAŞLIĞI EK GİRİŞ - KONU TERİMİ
Konusal terim veya coğrafi ad Turizm--Türkiye--Kongreler.
9 (RLIN) 40328
830 1# - SERİ EK GİRİŞİ - TEKBİÇİM ESER ADI
Tekbiçim Başlık İstanbul Üniversitesi yayınlarından ;
Volume number/sequential designation no.: 2428.
9 (RLIN) 7270
830 1# - SERİ EK GİRİŞİ - TEKBİÇİM ESER ADI
Tekbiçim Başlık İktisat Fakültesi ;
Volume number/sequential designation no.: 416.
9 (RLIN) 15630
830 1# - SERİ EK GİRİŞİ - TEKBİÇİM ESER ADI
Tekbiçim Başlık İktisadi Coğrafya ve Turizm Enstitüsü ;
Volume number/sequential designation no.: 4
9 (RLIN) 72283
942 ## - EK GİRİŞ ÖGELERİ (KOHA)
Source of classification or shelving scheme Library of Congress Classification
Koha item type Book
Holdings
Materyal Türü Kalıcı Konum Mevcut Konum Raf Yeri Sınıflandırma Kaynağı Edinim Bilgisi Ana Konular Alt Konular Yer Numarası Demirbaş Numarası Fatura Tarihi Geri Çekilme Durumu Kayıp Durumu Hasarlı Durumu Kredi için değil Kayıt Tarih Toplam Ödünçverme Son Görülme Tarihi Son Kontrol Tarihi Genel / Bağış Notu
Book Prof. Dr. Azmi Özcan Kütüphanesi Prof. Dr. Azmi Özcan Kütüphanesi Uluğbey Salonu Library of Congress Classification Bağış COĞRAFYA, ANTROPOLOJİ, REKREASYON Coğrafya (Genel), Atlaslar, Haritalar G155 .I38 1978 0038695 02/02/2026         08/10/2012   05/12/2024 05/12/2024 Harun Tuncel, Akademisyen